<?xml version="1.0" encoding="UTF-8"?><?xml-stylesheet type="text/xsl" href="static/style.xsl"?><OAI-PMH xmlns="http://www.openarchives.org/OAI/2.0/" xmlns:xsi="http://www.w3.org/2001/XMLSchema-instance" xsi:schemaLocation="http://www.openarchives.org/OAI/2.0/ http://www.openarchives.org/OAI/2.0/OAI-PMH.xsd"><responseDate>2026-04-17T13:43:11Z</responseDate><request verb="GetRecord" identifier="oai:www.recercat.cat:2099/13314" metadataPrefix="marc">https://recercat.cat/oai/request</request><GetRecord><record><header><identifier>oai:recercat.cat:2099/13314</identifier><datestamp>2026-01-24T02:44:24Z</datestamp><setSpec>com_2072_1033</setSpec><setSpec>col_2072_452949</setSpec></header><metadata><record xmlns="http://www.loc.gov/MARC21/slim" xmlns:dcterms="http://purl.org/dc/terms/" xmlns:xsi="http://www.w3.org/2001/XMLSchema-instance" xmlns:doc="http://www.lyncode.com/xoai" xsi:schemaLocation="http://www.loc.gov/MARC21/slim http://www.loc.gov/standards/marcxml/schema/MARC21slim.xsd">
   <leader>00925njm 22002777a 4500</leader>
   <datafield ind2=" " ind1=" " tag="042">
      <subfield code="a">dc</subfield>
   </datafield>
   <datafield ind2=" " ind1=" " tag="720">
      <subfield code="a">Cueva Ortiz, Sonia</subfield>
      <subfield code="e">author</subfield>
   </datafield>
   <datafield ind2=" " ind1=" " tag="260">
      <subfield code="c">2012-10</subfield>
   </datafield>
   <datafield ind2=" " ind1=" " tag="520">
      <subfield code="a">Quince años luchando por un espacio "adquirido" en las márgenes de la ciudad, resistieron un tiroteo, el incendio de algunas de las primeras casas, una hora al transporte público, las facturas del agua que no llega a casa y de una toma eléctrica provisional. Hoy su casa y la zona han mejorado. Pero al 2011 parece llegar algo excepcionalmente decisivo "la legalización de la propiedad". Sin embargo el resultado es que la zona es de protección natural y se decide cuantas y cuales familias serán realojadas tras un censo realizado por&#xd;
sorpresa. Los vecinos del bario recibieron escépticos al equipo de investigación, sin&#xd;
embargo los buscaron tras una nueva amenaza nocturna. El caso se descarto sin ser&#xd;
resuelto. Esto hace parte de uno de los 4 barrios que se estudió en Quito, en donde la&#xd;
regularización analizada, cuando ha llegado de poco o nada ha servido, y cuando ha sido&#xd;
realmente necesaria, no ha llegado.</subfield>
   </datafield>
   <datafield ind2=" " ind1=" " tag="520">
      <subfield code="a">Peer Reviewed</subfield>
   </datafield>
   <datafield tag="653" ind2=" " ind1=" ">
      <subfield code="a">Àrees temàtiques de la UPC::Urbanisme::Aspectes socials</subfield>
   </datafield>
   <datafield tag="653" ind2=" " ind1=" ">
      <subfield code="a">City planning -- Social aspects -- Ecuador -- Quito</subfield>
   </datafield>
   <datafield tag="653" ind2=" " ind1=" ">
      <subfield code="a">Right to housing -- Ecuador -- Quito</subfield>
   </datafield>
   <datafield tag="653" ind2=" " ind1=" ">
      <subfield code="a">Sòl, Ús urbà del -- Ecuador -- Quito</subfield>
   </datafield>
   <datafield tag="653" ind2=" " ind1=" ">
      <subfield code="a">Urbanisme -- Aspectes socials -- Equador -- Quito</subfield>
   </datafield>
   <datafield tag="653" ind2=" " ind1=" ">
      <subfield code="a">Dret a l'habitatge -- Equador -- Quito</subfield>
   </datafield>
   <datafield tag="653" ind2=" " ind1=" ">
      <subfield code="a">Land use, Urban -- Equador -- Quito</subfield>
   </datafield>
   <datafield ind2="0" ind1="0" tag="245">
      <subfield code="a">Las deficiencias de la regularizacion: cuatro barrios de Quito</subfield>
   </datafield>
</record></metadata></record></GetRecord></OAI-PMH>